[Event "Summer Cup"]
[Site "Wellington Chess Club"]
[Date "2017.02.09"]
[Round "3"]
[White "Farrington, Lawrence"]
[Black "Van der Anker, Juan"]
[Result "1-0"]
[WhiteElo "1755"]
[BlackElo "1500"]

1. e4 e5 2. Nf3 Nc6 3. Nc3 Nf6 4. Bb5 a6 5. Bxc6 dxc6 6. Nxe5 Bb4 7. d3 Qd4 8.
Nf3 Bxc3+ 9. bxc3 Qxc3+ 10. Bd2 Qc5 11. h3 O-O 12. O-O Qh5 13. Nh2 Qg6 14. Qf3
Qh5 15. Qxh5 Nxh5 16. Rab1 Re8 17. Rfe1 b6 18. Nf3 Nf6 19. Bf4 Re7 20. Bg5 Re6
21. Bf4 Re7 22. a3 h6 23. Bd2 Bb7 24. Bb4 c5 25. Bxc5 Re6 26. Be3 Rae8 27. Nd4
Re5 28. Nf5 Bxe4 29. dxe4 Nxe4 30. Nd4 Nc3 31. Rb3 Nd5 32. Kf1 f5 33. Nf3 Re4
34. Bd2 Rxe1+ 35. Nxe1 Re4 36. Nf3 g5 37. Rd3 c6 38. Rd4 Kf7 39. Rxe4 fxe4 40.
Ne5+ Ke6 41. Nxc6 Kd6 42. Nb4 Nxb4 43. Bxb4+ Kd5 44. Ke1 a5 45. Bf8 h5 46. Kd2
b5 47. Kc3 a4 48. Be7 g4 49. hxg4 hxg4 50. Kd2 Kc4 51. Bb4 Kd4 52. c3+ Kd5 53.
Ke2 Ke5 54. Ke3 Kf5 55. Bf8 Ke5 56. g3 Kf5 57. Kd4 e3 58. fxe3 Ke6 59. Ke4 Kf6
60. Kf4 Kg6 61. Kxg4 Kf6 62. Kf4 Ke6 63. g4 Kf6 64. g5+ Kg6 65. e4 Kf7 66. Bc5
Kg6 67. e5 Kf7 68. Kf5 Kg7 69. Ke6 Kg6 70. Kd7 1-0

[Event "Summer Cup"]
[Site "Wellington Chess Club"]
[Date "2017.02.09"]
[Round "3"]
[White "He, Caleb"]
[Black "Pomeroy, Arthur"]
[Result "0-1"]
[WhiteElo "1145"]
[BlackElo "2137"]

1. e4 c5 2. Nf3 d6 3. d4 cxd4 4. Qxd4 a6 5. Qe3 Nf6 6. Bc4 e6 7. Nc3 Be7 8. Qd3
O-O 9. Bg5 b5 10. Bb3 b4 11. Ne2 Bb7 12. Bxf6 Bxf6 13. O-O-O Be7 14. Kb1 Nd7
15. c3 Nc5 16. Qe3 Bxe4+ 17. Ka1 Nxb3+ 18. axb3 Qa5# 0-1

[Event "Summer Cup"]
[Site "Wellington Chess Club"]
[Date "2017.02.09"]
[Round "3"]
[White "Jackson, Ross"]
[Black "Meravanage, Satwik"]
[Result "1-0"]
[WhiteElo "2049"]
[BlackElo "1524"]

1. d4 d5 2. c4 c6 3. Nf3 Bf5 4. Qb3 Qd7 5. Nc3 e6 6. Ne5 Qc7 7. Bf4 Qe7 8. Rc1
f6 9. Nd3 Bxd3 10. exd3 e5 11. dxe5 fxe5 12. Bd2 d4 13. Ne4 c5 14. Be2 b6 15.
Bf3 Nc6 16. O-O Rc8 17. Qa4 Qd7 18. Rfe1 Nce7 19. Nd6+ Kd8 20. Nf7+ Ke8 21.
Qxd7+ Kxd7 22. Bg4+ 1-0

[Event "Summer Cup"]
[Site "Wellington Chess Club"]
[Date "2017.02.09"]
[Round "3"]
[White "Konakanchi, Karthik"]
[Black "Brockway, Andrew"]
[Result "0-1"]
[WhiteElo "1484"]
[BlackElo "1826"]

1. e4 c5 2. Nf3 g6 3. c3 Bg7 4. d4 cxd4 5. cxd4 d5 6. e5 Nc6 7. Nc3 Bg4 8. Be2
Bxf3 9. Bxf3 e6 10. Be3 Nge7 11. Nb5 Qa5+ 12. Nc3 a6 13. O-O O-O 14. a3 Nf5 15.
Bd2 Nfxd4 16. Nxd5 Nxf3+ 0-1

[Event "Summer Cup"]
[Site "Wellington Chess Club"]
[Date "2017.02.09"]
[Round "3"]
[White "Konakanchi, Pramodh"]
[Black "Tagos, Bernardo"]
[Result "0-1"]
[WhiteElo "1191"]
[BlackElo "1433"]

1. e4 c5 2. Nf3 Nc6 3. Bc4 d6 4. h3 Nf6 5. d3 e6 6. Bb5 Qc7 7. Bxc6+ Qxc6 8.
Nc3 Be7 9. e5 Nd5 10. Nxd5 Qxd5 11. exd6 Bxd6 12. c4 Qc6 13. Qb3 O-O 14. O-O b6
15. Qc3 Bb7 16. b3 Rad8 17. Bb2 f6 18. Rfe1 Be5 19. Qd2 Bxb2 20. Qxb2 Rxd3 21.
Qe2 Rd6 22. Rad1 Rfd8 23. Rxd6 Rxd6 24. Rd1 Kf7 25. Rxd6 Qxd6 26. Qc2 Bxf3 27.
gxf3 g6 28. Qe4 Qd7 29. Kg2 e5 30. Qa8 Ke6 31. Qg8+ Kf5 32. Kg3 h5 33. Qd5 Qg7
34. Qe4+ Ke6 35. Qd5+ Ke7 36. Qb7+ Kf8 37. Qc8+ Kf7 38. Kg2 g5 39. Qd7+ Kg6 40.
Qd3+ f5 41. a4 a5 42. Qd6+ Qf6 43. Qb8 h4 44. Qe8+ Kh6 45. Qb5 f4 46. Qd7 Kg6
47. Qe8+ Kf5 48. Qh5 Ke6 49. Qg4+ Ke7 50. Qc8 Qe6 51. Qxe6+ Kxe6 52. Kf1 Kf5
53. Ke1 e4 54. fxe4+ Kxe4 55. f3+ Ke3 56. Kf1 Kxf3 57. Ke1 Kg2 58. Ke2 f3+ 59.
Kd2 f2 60. Ke3 f1=Q 0-1

[Event "Summer Cup"]
[Site "Wellington Chess Club"]
[Date "2017.02.09"]
[Round "3"]
[White "Rabina, Romeo"]
[Black "Zhao, Aiden"]
[Result "1-0"]
[WhiteElo "1600"]
[BlackElo "1298"]

1. d4 d5 2. Nf3 Nc6 3. c4 e6 4. Nc3 Nf6 5. e3 Bb4 6. a3 Bxc3+ 7. bxc3 Ne4 8.
Qc2 O-O 9. Bd3 Nf6 10. O-O b6 11. Re1 Re8 12. h3 e5 13. cxd5 Qxd5 14. c4 Qd6
15. dxe5 Nxe5 16. Nxe5 Qxe5 17. Bb2 Qg5 18. Bxf6 Qxf6 19. f4 Rxe3 20. Rxe3
Qxa1+ 21. Kh2 Be6 22. Bxh7+ Kf8 23. Qe4 Rd8 24. f5 Bd7 25. Qe7# 1-0

[Event "Summer Cup"]
[Site "Wellington Chess Club"]
[Date "2017.02.09"]
[Round "3"]
[White "Rose, Nathan"]
[Black "Cunningham, Patrick"]
[Result "1-0"]
[WhiteElo "1406"]
[BlackElo "1717"]

1. e4 c5 2. Nf3 Nc6 3. c3 d6 4. d4 cxd4 5. cxd4 Nf6 6. Nc3 a6 7. a4 g6 8. Bc4
Bg7 9. O-O O-O 10. Re1 Bg4 11. Be3 Nxe4 12. Bxf7+ Rxf7 13. Nxe4 Bxf3 14. gxf3
e5 15. Qb3 Nxd4 16. Bxd4 exd4 17. Qd5 Be5 18. Rad1 Kg7 $2 19. Rxd4 Qh4 $4 20.
Qxf7+ $1 Kh6 $2 21. Rc4 Bxh2+ 22. Kg2 d5 23. Qxd5 Rf8 24. Rh1 Qf4 25. Rxh2+ Kg7
26. Ng5 1-0

[Event "Summer Cup"]
[Site "Wellington Chess Club"]
[Date "2017.02.09"]
[Round "3"]
[White "Rossiter, Philip"]
[Black "Sellen, Ian"]
[Result "1-0"]
[WhiteElo "1900"]
[BlackElo "2398"]

1. c4 e6 2. Nc3 d5 3. d4 Nf6 4. cxd5 exd5 5. Bg5 Be7 6. e3 O-O 7. Bd3 h6 8. Bh4
Re8 9. Qc2 c6 10. Nf3 Nbd7 11. O-O b6 12. Rfe1 Bb7 13. Rad1 Ne4 14. Bxe7 Qxe7
15. Nd2 Ndf6 16. f3 Nxc3 17. bxc3 c5 18. c4 cxd4 19. exd4 Qxe1+ 20. Rxe1 Rxe1+
21. Kf2 Re7 22. c5 Rc8 23. Nb3 Nd7 24. Bf5 Rc7 25. Bxd7 Rcxd7 26. Qd3 Re6 27.
a4 Rde7 28. a5 bxa5 29. Nxa5 Ba6 30. Qf5 Re2+ 31. Kg3 R7e6 32. Qxd5 Rg6+ 33.
Kf4 Rf6+ 34. Kg3 Rg6+ 35. Kf4 Rexg2 36. Qa8+ Kh7 37. Qe4 Re2 38. Qb1 Rd2 39.
Nc6 Bd3 40. Qc1 Rxh2 41. Ne5 Rf6+ 42. Kg3 Rc2 43. Qe3 Bf5 44. c6 Rcxc6 45. Nxc6
Rxc6 46. d5 Rc7 47. Qe5 Rb7 48. Qxf5+ g6 49. Qe4 1-0

[Event "Summer Cup"]
[Site "Wellington Chess Club"]
[Date "2017.02.09"]
[Round "3"]
[White "Stracy, Don"]
[Black "Timergazi, Layla"]
[Result "0-1"]
[WhiteElo "1747"]
[BlackElo "2117"]

1. e4 c6 2. Nc3 d5 3. Nf3 Bg4 4. h3 Bxf3 5. Qxf3 e6 6. d3 Nf6 7. Qg3 dxe4 8.
dxe4 Bb4 9. Bd2 $2 O-O (9... Qxd2+ $1 10. Kxd2 Nxe4+) 10. Be2 Nbd7 11. O-O Nc5
12. Bh6 Ne8 13. Rfd1 Qa5 14. Bd2 Rd8 15. Qe3 Na4 16. a3 Bxc3 17. Bxc3 Nxc3 18.
Qxc3 Qxc3 19. bxc3 Nf6 20. Bd3 Nd7 21. f4 Nc5 22. a4 Rd7 23. Kf2 Rfd8 24. Ke3
Kf8 25. g4 f6 26. a5 Ke7 27. h4 e5 28. fxe5 fxe5 29. Rd2 Rf8 30. Rad1 Rf4 31.
Rg1 Kd8 32. Rdg2 Na4 33. c4 Nc5 34. h5 Rd4 35. g5 Nxe4 36. Rg4 Nd6 37. Rxf4
Rxf4 38. h6 g6 39. Bxg6 hxg6 0-1

[Event "Summer Cup"]
[Site "Wellington Chess Club"]
[Date "2017.02.09"]
[Round "3"]
[White "Wevers, Alexis"]
[Black "Asher, Bruce"]
[Result "1-0"]
[WhiteElo "1649"]
[BlackElo "1275"]

1. e4 d5 2. exd5 Qxd5 3. Nc3 Qa5 4. d4 Nf6 5. Bc4 e6 6. Bd2 Nc6 7. Nd5 Bb4 8.
Nxf6+ (8. Nxb4 Nxb4 9. a3 {wins a piece} ) 8... gxf6 9. c3 Qf5 10. cxb4 Qe4+
11. Qe2 Qxg2 12. Qf3 Qg6 13. Ne2 b6 14. Qxc6+ Ke7 15. Qxa8 a5 16. O-O-O Rd8 17.
Qc6 Rd7 18. bxa5 bxa5 19. Qc5+ Ke8 20. Rhg1 1-0

[Event "Summer Cup"]
[Site "Wellington Chess Club"]
[Date "2017.02.09"]
[Round "3"]
[White "Winter, Ryan"]
[Black "Thorpe, Richard"]
[Result "1-0"]
[WhiteElo "1592"]
[BlackElo "1630"]

1. d4 Nf6 2. c4 e6 3. g3 c5 4. d5 exd5 5. cxd5 d6 6. Nc3 Be7 7. Bg2 Na6 8. e4
Nc7 9. a4 Bd7 10. e5 Ng8 11. exd6 Bxd6 12. Qe2+ Ne7 13. Ne4 Bf5 14. Nxd6+ Qxd6
15. Bf4 Qb6 16. d6 Nd5 17. Bxd5 Qb4+ 18. Bd2 1-0

[Event "Summer Cup"]
[Site "Wellington Chess Club"]
[Date "2017.02.09"]
[Round "3"]
[White "Zhao, Jeffrey"]
[Black "Bennett, Ezra"]
[Result "0-1"]
[WhiteElo "943"]
[BlackElo "1458"]

1. e4 e5 2. Nf3 Nc6 3. Bc4 Bc5 4. Nc3 Nf6 5. O-O O-O 6. d3 Ng4 7. d4 exd4 8.
Nxd4 Nge5 9. Nxc6 dxc6 10. Be2 Be6 11. Bf4 Qf6 12. g3 {scoresheets perplexing.
Black won soon} 0-1

[Event "Summer Cup"]
[Site "Wellington Chess Club"]
[Date "2017.02.11"]
[Round "3"]
[White "Wight, Joshua"]
[Black "Theodosiou, Andreas"]
[Result "1/2-1/2"]
[WhiteElo "1629"]
[BlackElo "1392"]

1. e4 e5 2. Nf3 Nc6 3. Nc3 Nf6 4. Bc4 Bb4 5. d3 h6 6. Bd2 d6 7. a3 Bc5 8. h3 a6
9. b4 Ba7 10. Nd5 b5 11. Nxf6+ Qxf6 12. Bd5 Bb7 13. O-O O-O 14. c3 Rab8 15. a4
Ne7 16. Bb3 Bc6 17. axb5 Bxb5 18. c4 Bd7 19. Rxa6 Ra8 20. Be3 Bxe3 21. Rxa8
Bxf2+ 22. Rxf2 Rxa8 23. Qb1 Qg6 24. Kh2 c6 25. Ra2 Rb8 26. Ra4 c5 27. b5 f5 28.
Nd2 f4 29. Nf3 Qg3+ 30. Kh1 Rf8 31. Qf1 g5 32. Ra7 Rd8 33. Bd1 Kf7 34. Nh2 Kg6
35. Bg4 Bxg4 36. Nxg4 Ng8 37. Ra6 Nf6 38. Qe2 h5 39. Nxf6 Kxf6 40. Qxh5 Qe1+
41. Kh2 Qg3+ 1/2-1/2

[Event "Summer Cup"]
[Site "Wellington Chess Club"]
[Date "2017.02.16"]
[Round "4"]
[White "Bennett, Ezra"]
[Black "Wevers, Alexis"]
[Result "0-1"]
[WhiteElo "1458"]
[BlackElo "1649"]

1. Nf3 d5 2. d4 c5 3. c3 cxd4 4. cxd4 Bf5 5. Nc3 Nf6 6. Bf4 e6 7. e3 Qb6 8.
Bb5+ Nc6 9. O-O Be7 10. Re1 O-O 11. a4 Nb4 12. a5 Qd8 13. Re2 a6 14. Ba4 Qxa5
15. Bc6 Qb6 16. e4 Nxe4 17. Rxe4 Bxe4 18. Nxe4 bxc6 19. Ng3 c5 20. Ng5 h6 21.
Nh3 cxd4 22. Be5 Nc6 23. Bf4 Qxb2 24. Bxh6 gxh6 25. Nh5 f5 26. Rb1 Qa3 27. Rb6
Qd6 28. g3 e5 29. Qc1 Rfc8 30. Qc2 Qg6 31. g4 Qxg4+ 32. Kh1 Qxh3 33. Nf6+ Bxf6
34. Rxc6 Qf1# 0-1

[Event "Summer Cup"]
[Site "Wellington Chess Club"]
[Date "2017.02.16"]
[Round "4"]
[White "Brockway, Andrew"]
[Black "He, Paul"]
[Result "1-0"]
[WhiteElo "1826"]
[BlackElo "957"]

1. e4 e5 2. Nf3 Nc6 3. Bb5 a6 4. Bxc6 dxc6 5. O-O Bg4 6. h3 Bxf3 7. Qxf3 Nf6 8.
d3 Bd6 9. Bg5 Be7 10. Nd2 Qd4 11. Rab1 Qa4 12. Nc4 Qxc2 13. Nxe5 Qc5 14. Bxf6
Bxf6 15. Ng4 Be5 16. Rbc1 Qb5 17. Rc2 Bxb2 18. Rb1 h5 19. Nh2 O-O 20. Rcxb2 Qa5
21. Qe2 b6 22. Nf3 b5 23. Qc2 Qb6 24. Rc1 Rfe8 25. d4 Re6 26. Qc5 Qxc5 27. Rxc5
g6 28. Rbc2 Kh7 29. Rxc6 Rxc6 30. Rxc6 Ra7 31. Ne5 Kg7 32. Nd3 f5 33. e5 Kh6
34. f4 Kg7 35. Kf2 a5 36. Ke2 Kf8 37. Nc5 b4 38. Rxc7 Ra8 39. Rb7 Rd8 40. Ne6+
1-0

[Event "Summer Cup"]
[Site "Wellington Chess Club"]
[Date "2017.02.16"]
[Round "4"]
[White "Day, Fabian"]
[Black "Stracy, Don"]
[Result "1-0"]
[WhiteElo "1608"]
[BlackElo "1747"]

1. e4 c5 2. Nf3 e6 3. d4 cxd4 4. Nxd4 Nf6 5. Nc3 Nc6 6. Be2 Bb4 7. O-O O-O 8.
Bg5 Be7 9. Nxc6 bxc6 10. Kh1 d5 11. e5 Nd7 12. Bxe7 Qxe7 13. f4 Nb6 14. Bd3 Bd7
15. Qe2 f6 16. Rae1 fxe5 17. Qxe5 Qf6 18. Qd6 Rad8 19. a4 Rf7 20. a5 Nc8 21.
Qc5 Qe7 22. Na4 Be8 23. Qe3 Bd7 24. f5 Re8 25. Qh3 Qg5 26. Nc5 e5 27. Nxd7 Rxd7
28. f6 1-0

[Event "Summer Cup"]
[Site "Wellington Chess Club"]
[Date "2017.02.16"]
[Round "4"]
[White "Forlong-Ford, Colwyn"]
[Black "Jackson, Ross"]
[Result "0-1"]
[WhiteElo "1737"]
[BlackElo "2049"]

1. e4 c5 2. Bc4 Nc6 3. Nf3 e6 4. O-O d5 5. exd5 exd5 6. Bb5 a6 7. Bxc6+ bxc6 8.
b3 Nf6 9. Re1+ Be7 10. Qe2 Ra7 11. d3 O-O 12. Bg5 Be6 13. Nbd2 h6 14. Bh4 Re8
15. c4 g5 16. Bg3 Bg4 17. h3 Bh5 18. Qf1 Nd7 19. Rac1 f6 20. Re3 Bf7 21. Nh2 d4
22. Ree1 h5 23. h4 Nf8 24. Ne4 Ng6 25. hxg5 fxg5 26. Nf3 h4 27. Bh2 Rf8 28. Qe2
Be8 29. Qd2 Rf5 30. Re2 g4 31. Ne1 Bf8 32. Bd6 Raf7 33. Nc2 Nf4 34. Bxf4 Rxf4
35. g3 R4f5 36. Ne1 Bd7 37. Ng2 h3 38. Nh4 Rh5 39. Ng6 Bh6 40. Nf4 Bxf4 41.
gxf4 Qf8 42. Ng3 Rhh7 43. Re4 h2+ 44. Kg2 Qh6 45. Rh1 Qh3# 0-1

[Event "Summer Cup"]
[Site "Wellington Chess Club"]
[Date "2017.02.16"]
[Round "4"]
[White "Ker, Anthony"]
[Black "Rossiter, Philip"]
[Result "1-0"]
[WhiteElo "2461"]
[BlackElo "1900"]

1. e4 e6 2. d4 d5 3. e5 c5 4. c3 Qb6 5. Nf3 Bd7 6. a3 Nc6 7. b4 cxd4 8. cxd4
Nge7 9. Nc3 Nf5 10. Na4 Qd8 11. Bb2 Rc8 12. Nc5 b6 13. Nxd7 Qxd7 14. Bb5 Qb7
15. Qa4 Qd7 16. Rc1 Nfe7 17. O-O Rc7 18. Rc3 a6 19. Qxa6 Nc8 20. Rfc1 Ra7 21.
Bxc6 1-0

[Event "Summer Cup"]
[Site "Wellington Chess Club"]
[Date "2017.02.16"]
[Round "4"]
[White "Kibblewhite, Daniel"]
[Black "Rose, Nathan"]
[Result "0-1"]
[WhiteElo "1550"]
[BlackElo "1406"]

1. e4 Nf6 2. Nc3 d5 3. e5 d4 4. Nge2 Ng4 5. Nb5 Nc6 6. f4 a6 7. Na3 h5 8. b3 e6
9. Ng3 g6 10. Bb2 Qh4 11. Qf3 Nxh2 12. Qf2 Bh6 13. Ne2 Nf3+ 14. gxf3 Qxh1 15.
Nxd4 Nxd4 16. Qxd4 Qxf3 17. Be2 Qg3+ 18. Qf2 Qxf2+ 19. Kxf2 Bxf4 20. d3 Bd7 21.
Rh1 Bc6 22. Rh4 Bg5 23. Rb4 Be7 24. Rf4 g5 0-1

[Event "Summer Cup"]
[Site "Wellington Chess Club"]
[Date "2017.02.16"]
[Round "4"]
[White "Nijman, Brian"]
[Black "Croad, Nicolas"]
[Result "0-1"]
[WhiteElo "2192"]
[BlackElo "2398"]

1. d4 Nf6 2. Bg5 d5 3. c3 c6 4. Nd2 Bf5 5. Ngf3 Nbd7 6. e3 h6 7. Bf4 e6 8. h3
Be7 9. Ne5 O-O 10. g4 Bh7 11. Bd3 Bxd3 12. Nxd3 Ne8 13. Kf1 f5 14. Kg2 Nd6 15.
h4 fxg4 16. Qxg4 Nf5 17. Nf3 Qe8 18. Nfe5 Nxe5 19. Nxe5 h5 20. Qg6 Nxh4+ 21.
Rxh4 Bxh4 22. Rh1 Bf6 23. Rxh5 Qxg6+ 24. Nxg6 Rfe8 25. Rh3 Kf7 26. Rg3 a5 27.
f3 a4 28. Bd6 Ra6 29. e4 Rb6 30. Ba3 dxe4 31. fxe4 e5 32. d5 cxd5 33. exd5 e4
34. Kf1 Bxc3 35. bxc3 Rxg6 36. Re3 Rg4 37. c4 Re5 38. Bc5 Rf5+ 39. Ke1 Rh5 40.
Re2 e3 41. Bxe3 Rxc4 42. Rd2 Re4 0-1

[Event "Summer Cup"]
[Site "Wellington Chess Club"]
[Date "2017.02.16"]
[Round "4"]
[White "Proctor, Matthew"]
[Black "Wight, Joshua"]
[Result "1-0"]
[WhiteElo "1392"]
[BlackElo "1629"]

1. e4 e5 2. Nf3 Nc6 3. Bc4 Bc5 4. c3 d6 5. d4 Bb6 6. Ng5 Nh6 7. O-O exd4 8. Qh5
Qf6 9. Bd2 Bg4 10. Bxf7+ Nxf7 11. Qxg4 dxc3 12. Nxc3 O-O 13. Nd5 Qg6 14. Nxb6
axb6 15. f4 h6 16. f5 Qf6 17. Nxf7 Rxf7 18. Qg6 Raf8 19. Qxf6 Rxf6 20. Bc3 R6f7
21. g4 Re8 22. Rae1 Ne5 23. g5 hxg5 24. Re2 Rfe7 25. Rg2 g4 26. f6 Nf3+ 27. Kh1
Rxe4 28. fxg7 Re2 29. Rff2 Rxf2 30. Rxf2 Re7 31. Kg2 Ne5 32. Re2 Ng6 33. Rxe7
Nxe7 34. Kg3 Nf5+ 35. Kxg4 Nxg7 36. Kg5 Kf7 37. h4 c5 38. Bf6 d5 39. Be5 d4 40.
Bg3 b5 41. Kf4 Nh5+ 42. Kf3 Nxg3 43. Kxg3 d3 44. Kf3 c4 45. Ke3 b4 46. b3 b5
47. Kd2 cxb3 $4 48. axb3 Kg6 49. Kxd3 Kh5 50. Kd4 Kxh4 51. Kc5 Kg4 52. Kxb5 Kf5
53. Kxb4 Ke6 54. Kb5 1-0

[Event "Summer Cup"]
[Site "Wellington Chess Club"]
[Date "2017.02.16"]
[Round "4"]
[White "Sellen, Ian"]
[Black "Dixon, Hamish"]
[Result "1/2-1/2"]
[WhiteElo "2398"]
[BlackElo "1724"]

1. c4 Nf6 2. Nc3 b6 3. Nf3 Bb7 4. d3 d6 5. e4 e5 6. Be2 Be7 7. O-O O-O 8. Rb1
Nbd7 9. b4 a5 10. a3 axb4 11. axb4 Re8 12. h3 Nf8 13. Be3 Bc8 14. d4 exd4 15.
Nxd4 Bb7 16. Qc2 N6d7 17. Nf5 Bf6 18. Nd5 Ne6 19. Rfd1 Bc6 20. b5 Bb7 21. f4
Nec5 22. Bf3 Bxd5 23. Rxd5 g6 24. Nh6+ Kf8 25. Ng4 Qe7 26. e5 dxe5 27. Bxc5
Nxc5 28. Nxf6 Qxf6 29. fxe5 Qe7 30. Qd2 Rad8 31. Qh6+ Kg8 32. Rbd1 Rxd5 33.
Bxd5 Ne6 {draw agreed}  (33... Qxe5 34. Bxf7+ Kxf7 35. Qxh7+ Ke6 (35... Kf6 $2
36. Rf1+ Ke6 37. Qf7+ Kd6 38. Rd1+ $18) 36. Qxg6+ $10) 1/2-1/2

[Event "Summer Cup"]
[Site "Wellington Chess Club"]
[Date "2017.02.16"]
[Round "4"]
[White "Sole, Michael"]
[Black "He, Caleb"]
[Result "1-0"]
[WhiteElo "1654"]
[BlackElo "1145"]

1. e4 e5 2. Nf3 Nc6 3. Bb5 a6 4. Ba4 Nf6 5. Qe2 g6 6. O-O d6 7. c3 Bg4 8. d3
Qd7 9. Nbd2 Bg7 10. Rd1 O-O 11. Nf1 b5 12. Bc2 Na5 13. h3 Bxf3 14. Qxf3 c5 15.
Ng3 Rfe8 16. Bg5 Qe6 17. b4 Nc6 18. bxc5 dxc5 19. Qe2 Ra7 20. Be3 Nd7 21. Qd2
Rb7 22. f4 exf4 23. Bxf4 b4 24. Ne2 f5 $4 25. Bb3 Qxb3 26. axb3 fxe4 27. dxe4
Rxe4 28. Qd5+ 1-0

[Event "Summer Cup"]
[Site "Wellington Chess Club"]
[Date "2017.02.16"]
[Round "4"]
[White "Tagos, Bernardo"]
[Black "Zhao, Jeffrey"]
[Result "1-0"]
[WhiteElo "1433"]
[BlackElo "943"]

1. c4 e5 2. Nc3 Bb4 3. Nd5 f6 4. Nxb4 Qe7 5. a3 a5 6. Na2 c6 7. e4 b6 8. Nf3
Ba6 9. Be2 d5 10. cxd5 cxd5 11. Bxa6 Rxa6 12. exd5 Qd8 13. Nc3 Ra7 14. O-O Ne7
15. d4 exd4 16. Qxd4 Ra8 17. Qa4+ Nbc6 18. Rd1 Ra7 19. dxc6 Qc8 20. c7+ Kf8 21.
Rd8+ Kf7 22. Rxc8 Nxc8 23. Nb5 Ra8 24. Qc4+ Kg6 25. Ne5+ fxe5 26. Qe6+ Kh5 27.
Qxe5+ Kh4 28. Qg5# 1-0

[Event "Summer Cup"]
[Site "Wellington Chess Club"]
[Date "2017.02.16"]
[Round "4"]
[White "Theodosiou, Andreas"]
[Black "Rabina, Romeo"]
[Result "1/2-1/2"]
[WhiteElo "1392"]
[BlackElo "1600"]

1. d4 d5 2. c4 e6 3. Nc3 dxc4 4. e4 Nf6 5. Bxc4 c5 6. Nf3 Be7 7. e5 Nfd7 8. d5
exd5 9. Nxd5 O-O 10. O-O Nb6 11. Nxe7+ Qxe7 12. Bd3 h6 13. Re1 Be6 14. b3 Rd8
15. Qc2 Nc6 16. Be3 Nd4 17. Bxd4 cxd4 18. Re4 Bf5 19. Rxd4 Bxd3 20. Qxd3 Rxd4
21. Qxd4 Rd8 22. Qe4 Nd5 23. Re1 Nc3 24. Qg4 Nxa2 25. e6 fxe6 26. Nd4 Qd7 27.
Nxe6 Re8 28. h4 Nc3 29. f4 Nd5 30. f5 Nf6 31. Qc4 Qd5 1/2-1/2

[Event "Summer Cup"]
[Site "Wellington Chess Club"]
[Date "2017.02.16"]
[Round "4"]
[White "Timergazi, Layla"]
[Black "Dive, Russell"]
[Result "0-1"]
[WhiteElo "2117"]
[BlackElo "2440"]

1. d4 Nf6 2. c4 c5 3. d5 b5 4. Qc2 d6 5. e4 g6 6. Nf3 Bg7 7. Be2 O-O 8. O-O
Nbd7 9. h3 bxc4 10. Bxc4 Nb6 11. Be2 a5 12. Nc3 a4 13. Rd1 Nfd7 14. Bb5 Ba6 15.
Bxa6 Rxa6 16. a3 Ra7 17. Bf4 Qa8 18. Rab1 Rb7 19. Re1 Rfb8 20. Nd1 Qa6 21. Ne3
c4 22. Ng4 Nc5 23. Nh6+ Kf8 24. Qd2 Nd3 25. Red1 Nd7 26. Qe3 Rxb2 27. Rxb2 Nxb2
28. Rb1 Rb3 29. Qe2 Nd3 30. Rxb3 axb3 0-1

[Event "Summer Cup"]
[Site "Wellington Chess Club"]
[Date "2017.02.16"]
[Round "4"]
[White "Wilkins, Mark"]
[Black "Winter, Ryan"]
[Result "1-0"]
[WhiteElo "1969"]
[BlackElo "1592"]

1. d4 Nf6 2. Nc3 d5 3. e4 dxe4 4. f3 exf3 5. Nxf3 e6 6. a3 c5 7. Bg5 cxd4 8.
Bb5+ Bd7 9. Qxd4 Nc6 10. Qd3 Be7 11. O-O-O Qc7 12. Rhf1 a6 13. Bc4 Rd8 14. Qe2
Na5 15. Ne5 Nxc4 16. Nxc4 Rc8 17. Ne5 Bxa3 18. Bxf6 gxf6 19. Nxd7 Qxc3 20.
Nxf6+ Kf8 21. Nd7+ Ke7 22. bxa3 Qa1+ 23. Kd2 Qc3+ 24. Kc1 Rhd8 25. Qd3 Qa1+ 26.
Kd2 Qxd1+ 27. Kxd1 Rxd7 28. Rxf7+ 1-0

[Event "Summer Cup"]
[Site "Wellington Chess Club"]
[Date "2017.02.23"]
[Round "5"]
[White "Croad, Nicolas"]
[Black "Timergazi, Layla"]
[Result "1-0"]
[WhiteElo "2398"]
[BlackElo "2117"]

1. d4 Nf6 2. c4 g6 3. Nc3 Bg7 4. e4 d6 5. h3 O-O 6. Nf3 a6 7. Bg5 c5 8. d5 Qa5
9. Nd2 b5 $6 {This seems to lose a pawn.} 10. cxb5 axb5 11. Bxb5 Ba6 (11...
Nxe4 12. Ndxe4 f5 (12... f6 13. Bd2 f5 14. a4 fxe4 15. Nxe4 $16) 13. Bxe7 fxe4
14. Bxf8 Bxc3+ 15. bxc3 Qxc3+ 16. Kf1 Kxf8 {white is up} ) 12. Nc4 Qc7 13. a4
Nbd7 14. O-O Nb6 15. Qe2 Nxc4 16. Qxc4 Bxb5 17. axb5 Nd7 18. Ra6 Ne5 19. Qe2
Rxa6 20. bxa6 c4 21. Ra1 Ra8 22. Be3 Qb8 23. a7 Qb7 {Layla's situation looks
desperate, but now Nic starts to err} 24. Ra5 (24. Qc2 $1 Nd3 25. Qa4 Nc5 (
25... Qxb2 $4 26. Rb1) 26. Bxc5 dxc5 27. Ra2) 24... Nd3 25. Rb5 $6 (25. Qc2)
25... Qc7 26. Nb1 $2 Rxa7 $1 27. Bxa7 Qxa7 {Black takes control of the a7-g1
diagonal with powerful counterplay} 28. Kf1 Bd4 29. b3 Nxf2 30. bxc4 Nh1 $1
{Black has achieved equality} 31. Qf3 (31. Qd3 {is a bit better} 31... Be5 (
31... Nf2 $6 32. Qa3) 32. c5 Ng3+ 33. Ke1 dxc5 34. Qa3 {just slightly better
for black} ) 31... Qa2 32. Rb8+ Kg7 33. Nc3 $2 Qxc4+ $2 (33... Qc2 $1 {with a
winning position after} 34. Nd1 (34. Nb5 Qb1+ 35. Ke2 Qc2+ 36. Kf1 Be5 37. Na3
Qc1+ 38. Ke2 Ng3+ 39. Kf2 (39. Kd3 Qc3#) 39... Qf1+ 40. Ke3 Qe1+ 41. Kd3 Qc3#)
34... Qd2 35. Rb1 Be5 36. Kg1 (36. Nf2 Nxf2 37. Qxf2 Qd3+) 36... Qe1+ 37. Qf1
Bh2+ 38. Kxh1 Qxf1+ 39. Kxh2 Qf4+ $19) 34. Ne2 Qa6 35. g4 Nf2 36. Kg2 Nd3 37.
Rb1 Ne5 38. Qf1 Nc4 (38... Qd3 $1 39. Nxd4 Qxe4+ 40. Kh2 Qxd4 {keeps an endgame
advantage} ) 39. Qe1 Ne3+ 40. Kf3 Qd3 41. Nf4 Qa3 42. Qb4 Qa7 (42... Nc2+ 43.
Qxa3 Nxa3 44. Rb4 $16) 43. Qb7 Qa3 $2 44. Ne6+ $1 {excellent move} 44... Kf6 (
44... fxe6 45. Qxe7+ Kh6 46. Qh4+ Kg7 47. Rb7+ Kf8 48. Qd8#) 45. Rb3 Qc1 46.
Nxd4 Nf1 47. e5+ 1-0

[Event "Summer Cup"]
[Site "Wellington Chess Club"]
[Date "2017.02.23"]
[Round "5"]
[White "Dive, Russell"]
[Black "Ker, Anthony"]
[Result "1/2-1/2"]
[WhiteElo "2440"]
[BlackElo "2461"]

1. Nf3 c5 2. c4 g6 3. Nc3 Bg7 4. g3 Nc6 5. Bg2 e5 6. O-O Nge7 7. Ne1 O-O 8. Nc2
d6 9. a3 a5 10. Rb1 Be6 11. Ne3 Rb8 12. d3 Qd7 13. Re1 Nd4 14. b4 axb4 15. axb4
cxb4 16. Rxb4 b5 17. cxb5 Nxb5 18. Nxb5 Rxb5 19. Rxb5 Qxb5 20. Ba3 Qa6 21. Bb4
Rb8 22. Qd2 Bh6 23. Bc3 Nf5 24. Bh3 Qb6 25. Bxf5 Bxf5 26. d4 Re8 27. Qb2 Qxb2
28. Bxb2 Bxe3 29. fxe3 exd4 30. exd4 d5 31. Kf2 Bg4 32. Bc1 Kg7 33. Be3 Ra8 34.
Bd2 Kf6 35. Rc1 Ra7 36. Rc5 Ra2 37. Ke3 Ke6 38. Rc8 Kf5 39. Rc5 Ke6 40. Rc8 Kf5
41. Rc5 Ra3+ 42. Bc3 Ke6 43. Rc8 Ra2 44. Bd2 1/2-1/2

[Event "Summer Cup"]
[Site "Wellington Chess Club"]
[Date "2017.02.23"]
[Round "5"]
[White "Farrington, Lawrence"]
[Black "Wilkins, Mark"]
[Result "1/2-1/2"]
[WhiteElo "1755"]
[BlackElo "1969"]

{1024MB, Fritz8.ctg } 1. e4 c5 2. c3 d5 3. exd5 Qxd5 4. d4 Nc6 5. Nf3 cxd4 6.
cxd4 e6 7. Nc3 Bb4 8. Bd3 (8. Be3 Nge7) 8... Nge7 9. O-O Qh5 10. Nb5 Nd5 11. a3
Ba5 12. Nd6+ Ke7 13. Ne4 f6 14. Ng3 Qf7 15. Be3 Bc7 16. Bc4 Rd8 17. Qc2 g6 18.
Ne4 Kf8 19. Rfe1 Nce7 20. Nc5 b6 21. Nd3 Nf5 22. Qe2 Bb7 23. Rac1 Ndxe3 24.
fxe3 Nd6 25. Ba2 Rac8 26. Nf4 Bd5 27. Nxd5 exd5 28. Nd2 Nf5 29. Qf2 (29. Qf3
Qd7) 29... Qd7 30. Nf3 Kg7 31. Bb1 Re8 32. Nd2 Nd6 33. e4 dxe4 34. Nxe4 Nxe4
35. Bxe4 Rxe4 36. Rxe4 Bxh2+ 37. Kxh2 Rxc1 38. Qe3 Qc7+ 39. Qf4 Qxf4+ 40. Rxf4
Rc2 41. b3 Rd2 42. Kg1 Kf7 43. Kf1 f5 44. g4 Ke6 45. gxf5+ gxf5 46. Rh4 h5 47.
Rxh5 Rxd4 48. Ke2 Ke5 49. Rh7 a5 50. Rb7 Rd6 51. b4 axb4 52. axb4 Rf6 53. Rc7
Kd4 54. Kf3 Ke5 55. b5 Rd6 56. Re7+ Re6 57. Rb7 Rd6 58. Re7+ Kf6 59. Rc7 Ke6
60. Kf4 Rd4+ 61. Ke3 1/2-1/2